000 00786nam a22002057a 4500
999 _c8428
_d8428
003 AR-CdUCM
008 190325b ||||| |||| 00| 0 spa d
040 _aMUNICIPALIDAD PROVINCIAL DEL CUSCO
_cBIBLIOTECA MUNICIPAL DEL CUSCO
082 _a079 /
_bSO68
100 _aSoria Galvarro T., Carlos
_923655
245 _aContextos :
_bCoati 1972: Relatos de una fuga y ensayos, temas del oficio periodístico, claves de algunos libros /
260 _aLa Paz :
_bPlural,
_c2002.
300 _a307 páginas;
_bIlustraciones,
_c20 cm.
505 _aContenido : Coati -- Warisata -- Trabajadores -- De la insurrección a la Nacionalización -- Desde el oficio...
650 _aPeriodista
_97462
650 _aBolivia
_91138
650 _aSiglo XX
_98
942 _2ddc
_cLIBROS
945 _admma